5 Seconds of Summer (5SOS) - Everyone's A Star - All lyrics - Statistics

General Stats
  • This quiz has been taken 83 times
  • The average score is 213 of 277
Answer Stats
Answer % Correct
a
98%
a)
98%
I
98%
(I
98%
me
97%
ya
97%
you
97%
Everyone's
93%
(Everyone's,
93%
everyone's,
93%
everyone's)
93%
(Everyone's
93%
star
93%
star,
93%
(Star)
93%
Star
93%
Who
93%
who
93%
the
92%
When
90%
when
90%
your
90%
in
86%
it
86%
are
85%
feel
83%
it's
83%
Show
83%
arms
81%
(Arms)
81%
Baby,
81%
baby,
81%
Take
81%
wanna
81%
Wanna
81%
You're
81%
you're
81%
dream
80%
Oh,
76%
and
75%
on
73%
stay
73%
stay)
73%
to
73%
he
71%
I'm
71%
is
69%
breathe
68%
breathe)
68%
know
68%
like
68%
superior
68%
what
68%
don't
66%
my
66%
preacher?
66%
we'll
66%
well,
66%
Everythin'
64%
something
64%
tell
64%
call
63%
I've
63%
That's
63%
thing
63%
means
61%
Someone
61%
better
59%
carry
59%
made
59%
Can
58%
story
58%
Feelin'
56%
Under
56%
at
54%
get
54%
god
54%
lookin'
54%
next
54%
been
53%
for
53%
never
53%
gonna
51%
lyin'
51%
man,
51%
reach
51%
booth
49%
dealer
49%
dreamer
49%
heart
49%
heart?
49%
light
49%
dark
47%
Didn't
47%
glitter,
47%
of
47%
Somewhere
47%
wrong
47%
any
46%
killed
46%
leave
46%
smilin'
46%
(Smilin'
46%
speakers
46%
through
46%
lights
44%
teeth
44%
teeth)
44%
dyin'
42%
notes
42%
anesthesia
41%
Blue
41%
broken
41%
Eating
39%
Strobe
39%
dinner
37%
Livin'
37%
Crazy
36%
gum
36%
went
34%
Numbin'
32%
(Hey)
22%
(Hey;
22%
fill
20%
No matching quizzes found
Score Distribution
Percent of People with Each Score
Percentile by Number Answered
Your Score History
You have not taken this quiz